000 00970nam a22003017a 4500
003 CHAP
005 20220329135449.0
008 971013s1984 r 00010 d
010 _a36927
011 _a37899
035 _a42019
040 _cCHAP
090 _aTesis
100 0 0 _aParedes García, Eduardo.
_985510
245 _aEtología de la Capra hircus
_b: estudio recapitulativo
260 _aMéxico, D.F. :
_bEl autor,
_c1984
300 _a97 h.
502 _aTesis (Médico Veterinario Zootecnista) -- UNAM. Fac. de Medicina Veterinaria y Zootecnia
590 _aALEPH
_b10
_c20130110
_lUCH01
_h1302
590 _aBATCH-UPD
_b10
_c20130110
_lUCH01
_h2316
590 _aBATCH-UPD
_b10
_c20130410
_lUCH01
_h1606
590 _aBATCH-UPD
_b10
_c20130914
_lUCH01
_h1507
590 _aCONVERSION
_b10
_c20130109
_lUCH01
_h1321
650 1 4 _aGanado cabrío
_xHábitos y conducta.
_945017
901 _aBK
942 _cTESIS
949 _bBC
_cTES
_d-96528
_eTS1
_i42019
_si
999 _c36927
_d36927